El oficio de la ciudadanía: introducción a la educación política
El objetivo de este libro es ofrecer un espacio de reflexión pedagógico para el análisis del oficio de la ciudadanía. Es un intento de pensar filosóficamente la educación de la ciudadanía y de una meditación sobre las relaciones entre la educación,
Gorde:
| Egile nagusia: | |
|---|---|
| Formatua: | Liburua |
| Hizkuntza: | Spanish |
| Argitaratua: |
Barcelona:
Ediciones Paidós Ibérica,
1997
|
| Saila: | Papeles de pedagogía;
No. 33 |
| Gaiak: | |
| Sarrera elektronikoa: | Enlace del recurso |
| Etiketak: |
Etiketa erantsi
Etiketarik gabe, Izan zaitez lehena erregistro honi etiketa jartzen!
|
MARC
| LEADER | 00000nam a2200000 a 4500 | ||
|---|---|---|---|
| 001 | 001138 | ||
| 008 | 030929s1997 sp # fr# #000|0#spa#d | ||
| 020 | |a 84-493-0425-3 | ||
| 041 | 0 | |a spa | |
| 043 | |a e-sp--- | ||
| 082 | 0 | 4 | |a 323.6 |b B161o |
| 100 | 1 | |a Bárcena Orbe, Fernando | |
| 245 | 1 | 3 | |a El oficio de la ciudadanía: |b introducción a la educación política |c Fernando Bárcena Orbe |
| 260 | |a Barcelona: |b Ediciones Paidós Ibérica, |c 1997 | ||
| 300 | |a 301 p. | ||
| 440 | 0 | |a Papeles de pedagogía; |v No. 33 | |
| 504 | |a Incluye bibliografía. | ||
| 520 | 3 | |a El objetivo de este libro es ofrecer un espacio de reflexión pedagógico para el análisis del oficio de la ciudadanía. Es un intento de pensar filosóficamente la educación de la ciudadanía y de una meditación sobre las relaciones entre la educación, | |
| 650 | 1 | 4 | |a CIUDADANIA |
| 650 | 1 | 4 | |a EDUCACIÓN CÍVICA |
| 999 | |c 3290 |d 3290 | ||
| 856 | |u https://catalogo.idep.edu.co/cgi-bin/koha/opac-detail.pl?biblionumber=3290 |z Enlace del recurso | ||